| 000 | 01449cam a2200385 a 4500 | ||
|---|---|---|---|
| 999 |
_c29327 _d29298 |
||
| 001 | 9424371 | ||
| 003 | EG-ScBUE | ||
| 005 | 20210804144812.0 | ||
| 008 | 100429s2009 ua a f be 000 0 eng d | ||
| 020 | _a9789774163265 | ||
| 035 | _a(OCoLC)ocn689489623 | ||
| 035 | _a9424371 | ||
| 040 |
_aCtY _cCtY _beng _dEG-ScBUE _erda |
||
| 041 | 1 |
_aeng _hger |
|
| 082 | 0 | 4 |
_a722.203 _bARN _222 |
| 100 | 1 |
_aArnold, Dieter, _d1936- _eauthor. |
|
| 240 | 1 | 0 |
_aLexicon der Àgyptischen Baukunst. _lEnglish |
| 245 | 1 | 4 |
_aThe monuments of Egypt : _ban A-Z companion to ancient Egyptian architecture / _cDieter Arnold ; translated by Sabine H. Gardiner, Helen Strudwick ; edited by Nigel and Helen Strudwick. |
| 264 | 1 |
_aCairo : _bThe American University in Cairo Press, _c2009. |
|
| 300 |
_a274 pages : _billustrations ; _c21 cm |
||
| 336 |
_2rdacontent _atext _btxt |
||
| 337 |
_2rdamedia _aunmediated _bn |
||
| 338 |
_2rdacarrier _avolume _bnc |
||
| 504 | _aIncludes bibliographical references. | ||
| 546 | _aText in English ; translated from the Germany language. | ||
| 650 | 7 |
_aArchitecture, Ancient _zEgypt _vEncyclopedias. _2BUEsh |
|
| 650 | 7 |
_aArchitecture, Egyptian _vEncyclopedias. _2BUEsh |
|
| 653 |
_bENGARC _cAugust2021 |
||
| 655 |
_vReading book _934232 |
||
| 700 | 1 |
_aGardiner, Sabine H., _etranslator. |
|
| 700 | 1 |
_aStrudwick, Helen, _etranslator. |
|
| 700 | 1 |
_aStrudwick, Nigel, _eeditor. |
|
| 942 |
_2ddc _cREFERENCE |
||